| 000 | 00565nam a2200193Ia 4500 | ||
|---|---|---|---|
| 005 | 20250326124638.0 | ||
| 008 | 250326s9999 xx 000 0 und d | ||
| 037 | _aTextbook | ||
| 040 |
_aFMSL _beng _cFMSL |
||
| 041 |
_aeng _2eng |
||
| 084 |
_aX:80gD658(2:55) M3;4 _qFMSL |
||
| 100 | _aMurdick R G | ||
| 245 | 0 |
_aInformation systems for modern mangement _cMurdick R G; Ross J E |
|
| 250 | _a2 | ||
| 260 |
_aNew Delhi _bNew Delhi, Prentice-Hall _c1983 |
||
| 300 | _a670p | ||
| 942 |
_cTB _hX:80gD658(2:55) M3;4 |
||
| 999 |
_c1274552 _d1274552 |
||